Boj proti medzinárodným daňovým únikom

OECD a boj proti daňovým únikom. V4 a podvody na DPH. Opatrenia finančnej správy. Zavedenie prenosu daňovej povinnosti na vybrané transakcie ako jedno z najefektívnejších opatrení v boji proti daňovým podvodom.

Saved in:
Bibliographic Details
Main Author: Simonidesová, Jana, 1968-
Format: Book Chapter
Language:Slovak
Subjects:
Tags: Add Tag
No Tags, Be the first to tag this record!

MARC

LEADER 00000nla a2200000 4500
001 0211306
005 20240502073525.6
041 0 |a slo 
044 |a SK 
245 1 0 |a Boj proti medzinárodným daňovým únikom  |c Jana Simonidesová 
520 |a OECD a boj proti daňovým únikom. V4 a podvody na DPH. Opatrenia finančnej správy. Zavedenie prenosu daňovej povinnosti na vybrané transakcie ako jedno z najefektívnejších opatrení v boji proti daňovým podvodom. 
610 2 0 |a podvody daňové 
610 2 0 |a únik daňový 
610 2 0 |a dane z hodnoty pridanej 
610 2 0 |a Vyšehradská štvorka 
610 2 0 |a OECD 
610 2 0 |a povinnosť daňová 
100 1 |a Simonidesová, Jana, 1968-